| 000 | 006160000a22001690004500 | ||
|---|---|---|---|
| 003 | MACL | ||
| 005 | 20160525163957.0 | ||
| 008 | 160525b xxu||||| |||| 00| 0 eng d | ||
| 040 |
_aMACL _cMACL |
||
| 041 | _aHindi | ||
| 082 | _a891.433 CHA | ||
| 100 |
_aचटटोपाध्याय, शरतचन्द्र _939988 |
||
| 245 |
_aदेवदास _cशरतचन्द्र चटटोपाध्याय |
||
| 260 |
_aनई दिल्ली _bभारतीय ज्ञानपीठ _c2010 |
||
| 650 |
_aउपन्यास _959564 |
||
| 942 |
_cHIN _k891.433/CHA/N _2ddc |
||
| 999 |
_c46621 _d46621 |
||